Damià Rocabruna, el bandoler : Tragicomèdia en quatre actes i vuit episodis / de Josep Pous i Pagès ; edició a cura de Joaquim Sala-Sanahuja Tragicomèdia en quatre actes i vuit episodis / de Josep Pous i Pagès ; edició a cura de Joaquim Sala-Sanahuja
Descripción Física:
161 p. ; 18 cm
Colección:
Biblioteca teatral ; 36
Otros Autores:
Sala-Sanahuja, Joaquim,ed
MARC
| LEADER | 00000nam a2200000Ia 4500 | ||
|---|---|---|---|
| 001 | 2118 | ||
| 008 | 160829s1985 xx 000 0 cat d | ||
| 080 | |a L-1-224 | ||
| 100 | |a Pous i Pagès, Josep |9 35776 | ||
| 245 | |a Damià Rocabruna, el bandoler : |b Tragicomèdia en quatre actes i vuit episodis / de Josep Pous i Pagès ; edició a cura de Joaquim Sala-Sanahuja | ||
| 260 | |a Barcelona : |b Institut del Teatre de la Diputació de Barcelona : |b Edicions del Mall, |c 1985 | ||
| 300 | |a 161 p. ; |c 18 cm | ||
| 490 | |a Biblioteca teatral ; 36 | ||
| 700 | |a Sala-Sanahuja, Joaquim,ed. |9 35777 | ||
| 710 | 1 | |a Institut del Teatre (Barcelona, Catalunya) |9 52662 | |
| 901 | |a Arxiu | ||
| 942 | |n 1 | ||
| 952 | |0 0 |1 0 |4 0 |6 L1224 |7 1 |9 47066 |a Arxiu |b Arxiu |d 2016-12-01 |l 0 |o L-1-224 |p 2118 |r 2016-12-01 00:00:00 |w 2016-12-01 |y ARXIU | ||
| 999 | |c 50859 |d 50859 | ||